| 000 | 00371nam a2200133Ia 4500 | ||
|---|---|---|---|
| 008 | 230312s9999||||xx |||||||||||||| ||und|| | ||
| 082 |
_a005.44769 _bSUP |
||
| 245 | 0 | _aWindows NT Server in the Enterprise | |
| 260 |
_bMicrosoft Press _aWashington _c1998 |
||
| 300 | _a750 | ||
| 546 | _aEng. | ||
| 650 |
_aComputer _vInstallation and Configuration , Connectivity |
||
| 942 | _cBK | ||
| 999 |
_c2946 _d2946 |
||